Greek Gods and Goddesses Logic Quiz - Statistics

General Stats
  • This quiz has been taken 261 times
  • The average score is 8 of 16
Answer Stats
Group # Hint Answer % Correct
D 4 Dang you found me. Don't tell Hera about Io, okay? Also, group D contains only Olympians. Zeus
93%
A 1 Hi this is the goddess of wisdom. Only female gods are in group C, all of the minor gods are in row 2 (except for one exception), my father is in D4, and my mother is in C2 Athena
90%
C 2 Oh hey! It's definitely nice to see someone after being trapped in Zeus's head for so long. My daughters constant companion is in B2 Metis
58%
C 3 Here's another hint about the sons of Ares; Fear is above Panic. And Zeus, I found out about Io, turned her into a cow, blah blah blah Hera
57%
D 3 Hey, you there, get out of here. Why are you in my throne room? For hints on a quiz? Okay, but just this once. Persephone's mother is in C4 Hades
56%
C 4 I still hate you, Hades. Anyway, the exception that Athena was talking about is Artemis. Demeter
55%
D 2 Hey it's me the exception, if that's what I am. Btw, I'm goddess of the hunt. My brother is in group B3 Artemis
54%
B 3 Hey there! My wine guy here is right below me Apollo
53%
B 4 You're almost done with this quiz! The last person is the violent God of war. Dionysus
51%
B 5 Congratulations, you made it! Ares
50%
D 1 Oh hey, you want any tips? What? Just the ones about this quiz? Fine. The underworld is in D3 Aphrodite
48%
B 2 Hi it's me, goddess of victory. The goddess of love is in row 1, and you can probably guess where the baby with arrows is. PS, if you don't win... Nike
32%
A 3 Fear. Phobos
32%
A 4 My mother is in D1, and her husband that she cheated on is in B1. What, you thought I was just gonna say "Panic." ? Deimos
31%
B 1 It's me, god of the forge and stuff. Hephaestus
29%
A 2 Hey, don't call me a baby. Anyway, Fear and Panic are in group A and no, they don't really count as gods. Oh, and the queen of gods is right below Metis. Eros
26%
No matching quizzes found
Score Distribution
Percent of People with Each Score
Percentile by Number Answered
Your Score History
You have not taken this quiz